MARC

LEADER 00000nam0a2200000 4500
001 280383
005 20231101235311.0
020 |a RU  |b 86-51138 
035 |a (RuTPU)RU\TPU\book\303692 
090 |a 280383 
100 |a 20141227d1986 k y0rusy5003 ca 
101 0 |a rus 
102 |a RU 
105 |a a z 001zy 
200 1 |a Использование попутных продуктов обогащения железных руд в строительстве на Севере  |f под ред. П. И. Боженова 
210 |a Ленинград  |c Стройиздат  |d 1986 
215 |a 176 с.  |c ил. 
320 |a Библиография в конце частей 
606 1 |a Строительные материалы из попутных продуктов  |2 stltpush  |3 (RuTPU)RU\TPU\subj\57543  |9 75403 
610 1 |a попутные продукты 
610 1 |a классификация 
610 1 |a силикаты магния 
610 1 |a железные руды 
610 1 |a комплексное использование 
610 1 |a Север СССР 
610 1 |a магнийсодержащее сырье 
610 1 |a вяжущие вещества 
610 1 |a автоклавные материалы 
610 1 |a хвосты 
610 1 |a применение 
610 1 |a заполнители 
610 1 |a бетоны 
610 1 |a растворы 
610 1 |a строительная керамика 
610 1 |a каменное литье 
610 1 |a пластмассы 
610 1 |a полимерные покрытия 
610 1 |a Урал 
610 1 |a Кольский полуостров 
675 |a 691.33  |z rus  |v 4 
702 1 |a Боженов  |b П. И.  |g Петр Иванович  |4 340 
801 0 |a RU  |b RuMRKP  |c 19950704  |g psbo 
801 1 |a RU  |b 63413507  |c 20141227 
801 2 |a RU  |b 63413507  |c 20180212  |g RCR 
942 |c BK